| 000 | 01611nam a2200337Ia 4500 | ||
|---|---|---|---|
| 001 | ebr10032475 | ||
| 003 | CaPaEBR | ||
| 006 | m u | ||
| 007 | cr cn||||||||| | ||
| 008 | 020405s2002 dcua sb 001 0 eng d | ||
| 010 | _z 2002005466 | ||
| 020 | _z0309083486 (pbk.) | ||
| 040 |
_aCaPaEBR _cCaPaEBR |
||
| 035 | _a(OCoLC)61521331 | ||
| 050 | 1 | 4 |
_aRE91 _b.V525 2002eb |
| 082 | 0 | 4 |
_a617.7/15 _221 |
| 245 | 0 | 0 |
_aVisual impairments _h[electronic resource] : _bdetermining eligibility for social security benefits / _cPeter Lennie and Susan B. Van Hemel, editors ; Committee on Disability Determination for Individuals with Visual Impairments, Board on Behavioral, Cognitive, and Sensory Sciences, Division of Behavioral and Social Sciences and Education, National Research Council. |
| 260 |
_aWashington, D.C. : _bNational Academy Press, _cc2002. |
||
| 300 |
_axii, 354 p. : _bill. |
||
| 504 | _aIncludes bibliographical references (p. 231-274) and index. | ||
| 533 |
_aElectronic reproduction. _bPalo Alto, Calif. : _cebrary, _d2013. _nAvailable via World Wide Web. _nAccess may be limited to ebrary affiliated libraries. |
||
| 650 | 0 |
_aVision disorders _xDiagnosis. |
|
| 650 | 0 |
_aPeople with visual disabilities _xEvaluation. |
|
| 650 | 0 |
_aDisability evaluation _zUnited States. |
|
| 650 | 0 |
_aSocial security _zUnited States. |
|
| 655 | 7 |
_aElectronic books. _2local |
|
| 700 | 1 | _aLennie, Peter. | |
| 700 | 1 | _aVan Hemel, Susan B. | |
| 710 | 2 | _aebrary, Inc. | |
| 856 | 4 | 0 |
_uhttp://site.ebrary.com/lib/rucke/Doc?id=10032475 _zAn electronic book accessible through the World Wide Web; click to view |
| 999 |
_c63103 _d63103 |
||